Setas comestibles y venenosas / (Record no. 108199)

MARC details
000 -LEADER
campo de control de longitud fija 00614nam a2200181 4500
001 - NÚMERO DE CONTROL
campo de control 108199
003 - IDENTIFICADOR DE NÚMERO DE CONTROL
campo de control ES-MaACL
005 - FECHA Y HORA DE LA ÚLTIMA TRANSACCIÓN
campo de control 20230906184611.0
007 - CAMPO FIJO DE DESCRIPCIÓN FÍSICA--INFORMACIÓN GENERAL
campo de control de longitud fija t|
008 - DATOS DE LONGITUD FIJA--INFORMACIÓN GENERAL
campo de control de longitud fija 061121s1970 sp r ||||1| spa d
100 1# - ENTRADA PRINCIPAL--NOMBRE DE PERSONA
Nombre de persona Montarnal, Pierre.
9 (RLIN) 82406
245 10 - MENCIÓN DEL TÍTULO
Título Setas comestibles y venenosas /
Mención de responsabilidad, etc. por Pierre Montarnal; ilustración de Michelle Saint-Aubin ; traducción y adaptación Rafael Candel Vila.
260 ## - PUBLICACIÓN, DISTRIBUCIÓN, ETC.
Lugar de publicación, distribución, etc. Barcelona :
Nombre del editor, distribuidor, etc. Daimon,
Fecha de publicación, distribución, etc. 1970.
300 ## - DESCRIPCIÓN FÍSICA
Extensión 67 p. :
Otras características físicas il ;
Dimensiones 16 cm.
700 1# - ENTRADA AGREGADA--NOMBRE PERSONAL
Nombre de persona Saint-Aubin, Michelle.
9 (RLIN) 101512
700 1# - ENTRADA AGREGADA--NOMBRE PERSONAL
Nombre de persona Candel Vila, Rafael.
9 (RLIN) 34451
852 ## - LOCALIZACIÓN
Ubicación ES-MaACL
Número de control de estantería C-42125
Sublocalización o colección R.76382
Holdings
Estatus retirado Estado de pérdida Estado de daño No para préstamo Biblioteca de origen Biblioteca actual Ubicación en estantería Fecha de adquisición Fuente de adquisición Total de préstamos Signatura topográfica completa Código de barras Visto por última vez Precio de reemplazo Tipo de ítem Koha
        Biblioteca del Ateneo de Madrid Biblioteca del Ateneo de Madrid Depósito 2 17/01/2008     C-42125 1112905 23/02/2023 23/02/2023 Libro impreso